000
00301nam a2200109Ia 4500
008
171024s1995 xx 000 0 und d
100
_a
Singh, Chhatrapati
245
_a
Vasundhara
260
_a
New Delhi
_b
Centre for Environmental Law
_c
1995
365
_b
Rs.20/-
650
_a
Ecology - protected forest
999
_c
110438
_d
110438